02666cam a22010694i 4500003000900000005001700009008004100026035001900067040003300086082002100119100003000140245004900170264004400219300005500263336002100318337002500339338002300364505057900387526000900966526000900975526000900984526000900993526000901002526000901011526000901020526000901029526000901038526000901047526000901056526000901065526000901074526000901083526000901092526000901101526000901110526000901119526000901128526000901137526000901146526000901155526000901164526000901173526000901182526000901191526000901200526000901209526000901218526000901227526000901236526000901245526000901254526000901263526000901272526000901281526000901290526000801299526000801307526000801315526000801323526000801331526000801339526000801347526000801355526000801363526000801371526000801379526000801387526000801395526000801403526000801411526000801419526000801427526000801435526000801443526000801451526000801459526000801467526000801475526000801483526000801491526000801499526000801507526000801515526000801523526000801531526000801539526000801547526000801555526000801563526000801571650001701579PE-LiUPU20250813185458.0150623s1966    mx a    r     000 0 spa d  a(Sirsi) a29289  aPE-LiUPUbspacPE-LiUPUerda04a372.611bH532211 aHilg R., Ernesto,eautor.10aTeorías del aprendizaje /cErnesto Hilg R. 1aMéxico :bCultura Económica,c1966.  a537 páginas :bilustración ;c18 centímetros  atext2rdacontent  aunmediated2rdamedia  avolume2rdacarrier0 aNaturaleza de las teorías  del aprendizaje -- El conexionismo de Thorndike -- El condicionamiento contiguo de guthrie -- El condicionamiento operante de skines -- La teoría  sistemática de la conducta  de Hull -- El aprendizaje  de signos de Tolman -- La teoría clásica  de la Gestalt -- La teoría  de campo de Lewin -- La psicodinámica de Freud -- El funcionalismo -- La emergencia de los modelos matemáticos -- Los desarrollos actuales :el reforzamiento y al impulsión -- Los desarrollos actuales :algunos tópicos persistentes -- Repaso y perspectivas.  aP202  aP201  aP163  aP162  aP161  aP160  aP148  aP147  aP146  aP145  aP144  aP143  aP142  aP141  aP140  aP139  aP138  aP137  aP136  aP135  aP134  aP133  aP129  aP128  aP127  aP120  aP119  aP118  aP116  aP115  aP114  aP110  aP109  aP108  aP104  aP103  aP102  aP99  aP98  aP97  aP96  aP95  aP93  aP90  aP89  aP88  aP83  aP82  aP62  aP59  aP58  aP57  aP51  aP49  aP48  aP47  aP29  aP24  aP20  aP19  aP17  aP15  aP14  aP12  aP10  aP09  aP08  aP07  aP06  aP05  aP04  aP0104aAprendizaje.